1367 1009 1374 1984 1612 1700 1673 1414 1499 1049 1814 1818 1727 1967 1468 1424 1775 1148 1672 1844 1870 1995 1298 1487 1182 1175 1467 1154 1003 1901 1751 1308 1758 1674 1589 1713 1059 1000 1116 1153 1024 1295 1321 1686 1571 1798 1911 1846 1562 1098 1035 1609 1518 1452 1096 1934 1934 1613 1678 1580 1885 1570 1483 1463 1936 1196 1372 1066 1414 1525 1123 1632 1687 1311 1543 1615 1268 1222 1601 1797 1247 1507 1798 1510 1091 1723 1494 1271 1599 1547 1473 1568 1346 1492 1476 1483 1280 1342 1564 BCNSPRNW ULIB Ver.6.0+V

เปลี่ยนเป็นภาษาไทย

Change to English
 แสดงรายละเอียดบรรณานุกรม
  กลับหน้าหลัก

Brief Record : Get Marc (ISO 2709) : E-mail record : QR code < ปิดหน้าต่าง
LEADER : 00000nam 2200000uu 4500
001    13399126763
003     ULIB
008    190301s2560||||th 000 0 tha d
020    ู^a9786164280458
050    ^aN745.925^bช373พ
100    ^aชัยเกียรติ ศรีอ่อนจันทร์ และคณะ
245    ^aพื้นฐานงานใบตอง (ฉบับสุดคุ้ม)/^cชัยเกียรติ ศรีอ่อนจันทร์ และคณะ
260    ^aกรุงเทพฯ :^bวาดศิลป์,^c2560
300    ^a64 หน้า;^b26 ซม.
650    ^aการประดิษฐ์ด้วยใบตอง
650    ^aใบตอง
945    ^p80^l0^i27157
999    ^aกัณชพร จุลอักษร
รายการนี้ยังไม่มีแท็ก
คุณยังไม่ได้ล็อกอิน คุณสามารถมีกิจกรรมร่วมกับเว็บไซต์ได้ แต่ต้องล็อกอินก่อน ::
  ล็อกอิน

รายการสื่อสารสนเทศ

ลำดับที่ ประเภท เลขเรียก/บาร์โค้ด สถานที่ สถานะ
1. วิทยาศาสตร์การแพทย์ และสุขภาพ
วิทยาศาสตร์การแพทย์ และสุขภาพ
N745.925 ช373พ ฉ.1 
  Barcode: 27157
ห้องสมุดวิทยาเขตนครสวรรค์
►หนังสือทั่วไป:l:General Books
บนชั้น

รายการใกล้เคียง
    ผู้แต่ง [ชัยเกียรติ ศรีอ่อนจันทร์ และคณะ]

    หัวเรื่อง [การประดิษฐ์ด้วยใบตอง]
    หัวเรื่อง [ใบตอง]

BibComment


ยังไม่เคยถูกคอมเมนท์

คอมเมนท์ทรัพยากรรายการนี้
  คอมเมนท์: พื้นฐานงานใบตอง ..


 Copyright 2026. Bcnsprnw @Library